00730nam a2200169Ia 4500003000900000008004100009020001800050040001600068080002400084111008400108245025400192260003700446300001400483650002000497700002000517700002300537IN-BaIIA211028s9999 xx 000 0 eng d a2-86332-190-0 cIIA Library a530.145(082.1)bCHA aWorkshop in Astronomy and Astrophysics of Chamonixn4thcFranced1994 Feb. 7-12 0aChaos and diffusion in Hamiltonian systemsbproceedings of the fourth workshop in astronomy and astrophysics of Chamonix, held in Chamonix, France, 7-12 Feb 1994cedited by D. Benest and C. Froeschle  aFrancebEdition Frontieresc1995 aix, 287p. aQuantum physics aBenest, D., ed. aFroeschle, C., ed.